Normal view
MARC view
- Hornsby, E. John
Entry Personal Name
001 - CONTROL NUMBER
- control field: 102422
003 - CONTROL NUMBER IDENTIFIER
- control field: NUST
005 - DATE AND TIME OF LATEST TRANSACTION
- control field: 20221107135046.0
008 - FIXED-LENGTH DATA ELEMENTS
- fixed length control field: 221107|| aca||aabn | a|a d
040 ## - CATALOGING SOURCE
- Original cataloging agency: NUST
- Transcribing agency: NUST
100 ## - HEADING--PERSONAL NAME
- Personal name: Hornsby, E. John
670 ## - SOURCE DATA FOUND
- Source citation: Work cat.: (NUST)181983: Lial, Margaret L. 102087, Beginning algebra /, c1969,1971
